书目信息 |
| 题名: |
日语能力考试1级历年经典读解真题解析与测试
|
|
| 作者: | 陈雪 主编 | |
| 分册: | ||
| 出版信息: | 上海 东华大学出版社 2010.08 |
|
| 页数: | 232页 | |
| 开本: | 23cm | |
| 丛书名: | ||
| 单 册: | ||
| 中图分类: | H369.4 | |
| 科图分类: | ||
| 主题词: | 日语--ri yu--阅读教学--水平考试--习题 | |
| 电子资源: | ||
| ISBN: | 978-7-81111-719-6 | |
| 000 | 00839nam0 2200241 450 | |
| 001 | 012011890958 | |
| 005 | 20110427135240.21 | |
| 010 | @a978-7-81111-719-6@dCNY24.70 | |
| 100 | @a20110427d2010 em y0chiy0120 ea | |
| 101 | 0 | @achi@ajpn |
| 102 | @aCN@b310000 | |
| 105 | @aa a 000yy | |
| 106 | @ar | |
| 200 | 1 | @a日语能力考试1级历年经典读解真题解析与测试@Ari yu neng li kao shi 1 ji li nian jing dian du jie zhen ti jie xi yu ce shi@f陈雪主编@Fchen xue zhu bian |
| 210 | @a上海@c东华大学出版社@d2010.08 | |
| 215 | @a232页@c图@d23cm | |
| 320 | @a有书目 (第232页) | |
| 330 | @a本书围绕历年1级真题的讲解部分,总结出各种题型以及各类体裁文章的解题方法。 | |
| 606 | 0 | @a日语@Ari yu@x阅读教学@x水平考试@j习题 |
| 690 | @aH369.4@v4 | |
| 701 | 0 | @a陈雪@Achen xue@4主编 |
| 801 | 0 | @aCN@bQSSK@c20110427 |
| 905 | @b793076-78@dH369.4@eC601@f3 | |
| 日语能力考试1级历年经典读解真题解析与测试/陈雪主编.-上海:东华大学出版社,2010.08 |
| 232页:图;23cm |
| ISBN 978-7-81111-719-6:CNY24.70 |
| 本书围绕历年1级真题的讲解部分,总结出各种题型以及各类体裁文章的解题方法。 |
| ● |
| 相关链接 |
|
|
|
正题名:日语能力考试1级历年经典读解真题解析与测
索取号:H369.4/C601
 
预约/预借
| 序号 | 登录号 | 条形码 | 馆藏地/架位号 | 状态 | 备注 |
| 1 | 793076 | 207930765 | 语言库209/209语言库 130排2列6层/ [索取号:H369.4/C601] | 在馆 | |
| 2 | 793077 | 207930774 | 语言库209/209语言库 130排2列6层/ [索取号:H369.4/C601] | 在馆 | |
| 3 | 793078 | 207930783 | 语言库209/209语言库 130排2列6层/ [索取号:H369.4/C601] | 在馆 |